The African genius : an introduction to African cultural and social history /
Main Author:
Format: Book
Language: English
Published:
Boston :
Little, Brown,
c1969.
Edition: 1st American ed.
Subjects:
Tags: Add Tag
Call Number: DT4 .D38 1969
| LEADER | 00936namaa2200289 4500 | ||
|---|---|---|---|
| 001 | 18811 | ||
| 003 | OSt | ||
| 005 | 20260315085229.0 | ||
| 008 | 130303s1969 mauab b 000 0 eng d | ||
| 010 | |a 70080751 | ||
| 040 | |c ARCE Library | ||
| 043 | |a fb----- | ||
| 050 | 4 | |a DT4 .D38 1969 | |
| 100 | 1 | |a Davidson, Basil, |d 1914-2010, |e author | |
| 245 | 1 | 4 | |a The African genius : |b an introduction to African cultural and social history / |c by Basil Davidson. |
| 250 | |a 1st American ed. | ||
| 264 | 1 | |a Boston : |b Little, Brown, |c c1969. | |
| 300 | |a 367 pages : |b illustrations, map ; |c 20 cm. | ||
| 500 | |a "An Atlantic monthly press book" | ||
| 500 | |a Published in England under title : The Africans. | ||
| 504 | |a Bibliography : pages [345]-353. | ||
| 555 | |a wafaa.lib. | ||
| 651 | 0 | |a Africa, Sub-Saharan |x Civilization. | |
| 651 | 0 | |a Africa, Sub-Saharan |x Social conditions. | |
| 901 | |a reviewed | ||
| 942 | |c BK |2 lcc | ||
| 999 | |c 20193 |d 20193 | ||
